000 00454nam a22001577a 4500
003 SGT
020 _a9789383864195
082 _a615.538
_bC16D
100 _aDHIMAN, K.S, ed.
245 _aCOMPREHENSIVE TECHNICAL DOSSIER(CRD) OF MEDICINAL PLANT USED IN AYURVEDA AKSODA NO-4
260 _aNEW DELHI
_bCCRAS
_c2016
300 _a71
650 _aAYURVEDA
653 _aCOMPREHENSIVE, TECHNICAL, DOSSIER,,CRD, MEDICINAL, PLANT , AKSODA
942 _2ddc
_cBK
999 _c25016
_d25016